| 000 | 00416nam a2200169Ia 4500 | ||
|---|---|---|---|
| 100 | _aZheng/Jun/ jamalipour/Abbas | ||
| 650 | _aWireless sensor network | ||
| 942 | _cBK | ||
| 366 | _f27 | ||
| 654 | _awireless sensor network | ||
| 245 | _aWireless sensor networks:A networking perspective | ||
| 260 |
_bWiley _c2009 |
||
| 082 |
_a621.382 _bZHE |
||
| 300 | _a489 | ||
| 546 |
_aENGLISH _celectronics |
||
| 999 |
_c34066 _d34066 |
||